000
00241 a2200097 4500
000
nam a22 7a 4500
005
20260129165927.0
100
_a
Feynman, Richard
_9
1112836
245
_a
Surely You’re Joking, Mr. Feynman
942
_c
TEXL
999
_c
1678383
_d
1678383